De quel manga / animé vient cet oeil ? - 2 - Statistiques

Statistiques générales
  • Ce quiz a été pris 71 fois
  • Le résultat moyen est 12 sur 20
Statistiques - réponses
Par images Réponse % Correct
Death Note
98%
One Piece
98%
Demon Slayer
94%
Tokyo Ghoul
94%
L'Attaque Des Titans
92%
Dr Stone
90%
My Hero Academia
81%
Spy X Family
78%
Jujutsu Kaisen
76%
Dragon Ball GT
70%
Chainsaw Man
63%
Parasite
54%
Vinland Saga
49%
Tokyo Revengers
43%
Classroom of the elite
41%
The Promised Neverland
41%
Full Metal Alchemist Brotherhood
27%
Hajime No Ippo
24%
Death Parade
14%
Rainbow
6%
Aucun quiz correspondant
Distribution des résultats
% des personnes avec chaque résultat
Percentile par nombre de réponses
Votre historique - résultats
Vous n’avez pas pris ce quiz